000
00214 a2200097 4500
001
1442
100
_a
Timber engg Co
245
_a
Imber design and custruction H/B
260
_a
_b
Mcgrawhill
_c
090
_c
985
_d
985
942
_a
NUST-CAE
_c
M
_c
36766
999
_c
236515
_d
236515